|
|
|
|
| LEADER |
00000nab a2200000 ar4500 |
| 001 |
vtls010029632 |
| 003 |
SK-MaSNL |
| 005 |
20260426071039.0 |
| 008 |
091208c2002 xo |r||||||||||00 ||slo |
| 015 |
|
|
|a SNBRA2009/12
|2 snkbucl
|
| 038 |
|
|
|a SNKBUCL
|
| 040 |
|
|
|a SNKBUCL
|b slo
|c SNKBUCL
|e AACR2
|
| 041 |
0 |
|
|a slo
|
| 044 |
|
|
|a xo
|c SK
|
| 080 |
|
|
|a 336.74:338.23
|x (437.6)
|x "2002"
|2 2001
|
| 100 |
1 |
|
|a Beblavý, Miroslav,
|d 1977-
|4 aut
|9 103508
|
| 245 |
1 |
0 |
|a Menový vývoj
|c Miroslav Beblavý
|
| 300 |
|
|
|b Grafy, tab.
|
| 504 |
|
|
|a Bibliogr. odkazy
|
| 648 |
|
7 |
|a 2002
|2 snkbucl
|9 299607
|
| 650 |
0 |
7 |
|a menová politika
|2 snkbucl
|9 2307
|
| 650 |
0 |
7 |
|a finančný sektor
|2 snkbucl
|9 1324026
|
| 650 |
0 |
7 |
|a kapitálový trh
|2 snkbucl
|9 442338
|
| 651 |
|
7 |
|a Slovensko
|2 snkbucl
|9 14231
|
| 773 |
0 |
|
|t Slovensko 2002 : súhrnná správa o stave spoločnosti II
|d Bratislava : Inštitút pre verejné otázky, 2002
|g S. 71-81
|z 8088935407
|
| 852 |
|
|
|a SNK
|b KIS3GCP
|
| 958 |
|
|
|a NB
|
| 999 |
|
|
|c 2674010
|d 2675940
|